| 000 | 00375nam a22001457a 4500 | ||
|---|---|---|---|
| 003 | OSt | ||
| 005 | 20251204095457.0 | ||
| 008 | 251204b |||||||| |||| 00| 0 eng d | ||
| 020 | _a97807768411393 | ||
| 040 | _cSound wisdom | ||
| 050 | _aPN4121 .H855 2017 | ||
| 245 |
_aThe Art of Presentation _cHull, Ray H. |
||
| 260 |
_aPennsylvania _bSound Wisdom _c2017 |
||
| 942 |
_2ddc _cBK _n0 |
||
| 999 |
_c9870 _d9870 |
||